Normal view
MARC view
Entry Personal Name
001 - CONTROL NUMBER
- control field: 1942
003 - CONTROL NUMBER IDENTIFIER
- control field: ARRUPE
005 - DATE AND TIME OF LATEST TRANSACTION
- control field: 20131001163157.0
008 - FIXED-LENGTH DATA ELEMENTS
- fixed length control field: 131001|| aca||aabn | a|a d
040 ## - CATALOGING SOURCE
- Original cataloging agency: ARRUPE
- Transcribing agency: ARRUPE
100 ## - HEADING--PERSONAL NAME
- Personal name: White, Jon Manchip,
- Dates associated with a name: 1924-2013.
670 ## - SOURCE DATA FOUND
- Source citation: Work cat.: (ARRUPE)0: White, Jon Manchip, 1924-2013., Everyday life of the North American Indian /, 1979.